[Event "Goiania Mega Modas Park op"]
[Site "Goiania"]
[Date "2023.04.08"]
[Round "2"]
[White "De Araujo Rodrigues, Julliano"]
[Black "Da Silva Santos, Luciano"]
[Result "0-1"]
[WhiteElo "1737"]
[BlackElo "1860"]
[PlyCount "94"]
[EventDate "2023.04.07"]
[EventType "swiss"]
[EventRounds "6"]
[EventCountry "BRA"]
[SourceTitle "EXT 2024"]
[Source "ChessBase"]
[SourceDate "2023.10.10"]
[SourceVersion "1"]
[SourceVersionDate "2023.10.10"]
[SourceQuality "1"]

1. d4 f5 2. Nf3 Nf6 3. Bf4 e6 4. e3 Be7 5. Be2 0-0 6. 0-0 b6 7. c4 Bb7 8. Nc3 Ne4 9. Rc1 d6 10. b4 Nd7 11. Nxe4 fxe4 12. Nd2 e5 13. dxe5 dxe5 14. Bg3 Bxb4 15. Qb3 Bxd2 16. c5+ Kh8 17. Rcd1 Ba5 18. Bg4 Nxc5 19. Rxd8 Nxb3 20. Rxf8+ Rxf8 21. axb3 Rd8 22. Bxe5 c5 23. h4 Rd3 24. Rd1 Rxd1+ 25. Bxd1 Bd5 26. Bc2 Kg8 27. g4 g6 28. Kg2 Kf7 29. Kg3 Be1 30. Bb8 a6 31. Ba7 Ba5 32. Kf4 Ke6 33. Kg5 Kf7 34. Kf4 Ke6 35. Kg5 Kf7 36. h5 Kg7 37. hxg6 hxg6 38. Bb8 Be1 39. Bg3 b5 40. Kf4 Kf6 41. Bh4+ Ke6 42. Kg5 Kf7 43. Bg3 a5 44. Bd6 Bb4 45. Kf4 Ke6 46. Bf8 c4 47. Bxb4 cxb3 0-1

[Event "Goiania Mega Modas Park op"]
[Site "Goiania"]
[Date "2023.04.07"]
[Round "1"]
[White "Da Silva Santos, Luciano"]
[Black "De Oliveira Valcarcel, Cecilia Maria"]
[Result "1-0"]
[WhiteElo "1860"]
[BlackElo "1812"]
[PlyCount "81"]
[EventDate "2023.04.07"]
[EventType "swiss"]
[EventRounds "6"]
[EventCountry "BRA"]
[SourceTitle "EXT 2024"]
[Source "ChessBase"]
[SourceDate "2023.10.10"]
[SourceVersion "1"]
[SourceVersionDate "2023.10.10"]
[SourceQuality "1"]

1. e4 c5 2. Nf3 g6 3. c4 Bg7 4. d4 d6 5. Be2 Nf6 6. Nc3 0-0 7. 0-0 Bg4 8. Be3 e6 9. dxc5 dxc5 10. Bxc5 Re8 11. Qc2 Nc6 12. a3 Qc7 13. Be3 Red8 14. Rfd1 Rd7 15. Rxd7 Nxd7 16. Nb5 Qa5 17. Rd1 Rd8 18. b4 Qa6 19. h3 Bxf3 20. Bxf3 Nf6 21. Rxd8+ Nxd8 22. Bxa7 Nc6 23. Be3 Ne5 24. Be2 Nc6 25. f4 e5 26. g3 Nd7 27. Qd2 Nd4 28. Nxd4 exd4 29. Bxd4 Bxd4+ 30. Qxd4 Nb6 31. Kf2 Qxa3 32. Qxb6 Qa2 33. Qxb7 Qc2 34. Qb8+ Kg7 35. Qe5+ Kg8 36. b5 Qb1 37. f5 Qc1 38. f6 h6 39. Qb8+ Kh7 40. Qf8 Qc3 41. Qg7# 1-0